000 01007nam0a22002771 4500
001 rc\3793183
005 20120311163827.9
021 _aRU
_b76-ОКЭ-227/25
021 _aRU
_bРг237-77
035 _a(NLR Aleph) 007242414
090 _a7760829
_c7760829
100 _a20120311g19751976|||y0rusy50 ca
101 0 _arus
102 _aRU
105 _aa z |||||
200 1 _aМеханика горных пород
_eКонспект лекций
_fМ-во высш. и сред. спец. образ. РСФСР. Свердл. горный ин-т им. В.В. Вахрушева
210 _aСвердловск
_cБ. и.
_d1975 (вып. дан. 1976)
215 _a[1], 212 с.
_cил.
_d20
300 _aПеред загл. авт.: проф. А.С. Щукин
320 _aБиблиогр.: с. 208-209
700 1 _aЩукин
_bА. С.
_gАлександр Семенович
801 0 _aRU
_bNLR
_gpsbo
801 1 _aRU
_bELAR
_2rusmarc
852 _aNLR
_j77-3/51
942 _cBOOK
980 _aNB